000 00661nam a22002177a 4500
999 _c5715
_d5715
001 6315
003 BD-DhUAP
005 20201220144811.0
008 201220s1998 ii a|||| |||| 001 0 eng d
020 _a0074630024
040 _aBD-DhUAP
_bEng
_cBD-DhUAP
_dBD-DhUAP
082 _223
_a628.30954 ARC
100 _aArceivala, S. J.
245 _aWastewater treatment for pollution control /
_cS. J. Arceivala.
250 _a2nd ed.
260 _aNew Delhi :
_bTata McGraw-Hill Pub.,
_cc1998 [Reprinted 2002].
300 _axv, 362 pages :
_billustrations ;
_c25 cm.
500 _aIncludes index.
650 _aWater
_vPurification
_zIndia.
942 _2ddc
_cBK